Charla administración del mantenimiento de carreteras
I tiakina i:
| Kaituhi matua: | |
|---|---|
| Kaituhi rangatōpū: | |
| Hōputu: | Pukapuka |
| Reo: | Pāniora |
| I whakaputaina: |
Valparaíso
Universidad Católica de Valparaíso. Escuela de Ingeniería de Transporte
1981
|
| Ngā marau: | |
| Ngā Tūtohu: |
Tāpirihia he Tūtohu
Kāore He Tūtohu, Me noho koe te mea tuatahi ki te tūtohu i tēnei pūkete!
|
MARC
| LEADER | 00000nam a2200000 a 4500 | ||
|---|---|---|---|
| 001 | UCV4623 | ||
| 003 | CL-VaPUC | ||
| 008 | 900706e19810000CL |||||||||||||||||spa|d | ||
| 082 | 0 | 4 | |a 625.704 |b SAN |2 21 |
| 100 | 0 | |a Sánchez Araya, Armando |e author |9 298806 | |
| 110 | 2 | |a Universidad Católica de Valparaíso. Escuela de Ingeniería de Transporte |e author |9 298807 | |
| 245 | 1 | 0 | |a Charla administración del mantenimiento de carreteras |
| 300 | |a 30 h | ||
| 942 | |c BK | ||
| 945 | |d 19900706 00:00:00 | ||
| 260 | |a Valparaíso |b Universidad Católica de Valparaíso. Escuela de Ingeniería de Transporte |c 1981 | ||
| 650 | 0 | |a Carreteras |9 260132 | |
| 650 | 7 | |a MANTENIMIENTO Y REPARACION |2 CL-VaPUC |9 260850 | |
| 583 | |a last modification |c 19900706 00:00:00 |k Rodrigo Vera | ||
| 999 | |c 211349 |d 211347 | ||
| 952 | |0 0 |1 0 |4 0 |6 625_704000000000000_SAN_1981 |7 0 |8 A |9 190427 |a BIBING |b BIBING |d 2019-11-14 |i 1682725 |o 625.704 SAN 1981 |p 1682725 |r 2025-01-20 |w 2019-11-14 |y BK |k TRA | ||
| 952 | |0 0 |1 0 |4 0 |6 625_704000000000000_SAN_1981 |7 0 |8 A |9 190428 |a BIBING |b BIBING |d 2019-11-14 |i 1682792 |o 625.704 SAN 1981 |p 1682792 |r 2025-01-20 |w 2019-11-14 |y BK |k TRA | ||